Uplatňovanie zodpovednosti členov štatutárnych orgánov za nepodanie návrhu na vyhlásenie konkurzu včas

Problematika povinností členov štatutárnych orgánov (ŠO) podať návrh na vyhlásenie konkurzu včas. Zodpovednosť v prípade porušenia týchto povinností. Skúmanie trestnoprávnych aspektov zodpovednosti členov ŠO. Snaha členov ŠO vyhýbať sa zákonom ustanoveným povinnostiam.

Gespeichert in:
Bibliographische Detailangaben
1. Verfasser: Majerniček, Ondrej
Format: Buchkapitel
Sprache:Slowakisch
Schlagworte:
Tags: Tag hinzufügen
Keine Tags, Fügen Sie das erste Tag hinzu!

MARC

LEADER 00000naa a2200000 4500
001 0272720
005 20210326123608.1
041 0 |a slo 
044 |a SK 
245 1 0 |a Uplatňovanie zodpovednosti členov štatutárnych orgánov za nepodanie návrhu na vyhlásenie konkurzu včas  |c Ondrej Majerniček 
520 |a Problematika povinností členov štatutárnych orgánov (ŠO) podať návrh na vyhlásenie konkurzu včas. Zodpovednosť v prípade porušenia týchto povinností. Skúmanie trestnoprávnych aspektov zodpovednosti členov ŠO. Snaha členov ŠO vyhýbať sa zákonom ustanoveným povinnostiam. 
610 2 0 |a zákony 
610 2 0 |a orgány štatutárne 
610 2 0 |a konkurzy 
610 2 0 |a spoločnosti obchodné 
610 2 0 |a novelizácia 
100 1 |a Majerniček, Ondrej